000 00290nam a2200133Ia 4500
003 OSt
005 20240110112842.0
008 170523s9999 xx 000 0 und d
020 _a9780070473997
040 _ciimtu
100 _aMehrotra.R.S
245 0 _aPlant Pathology
942 _2ddc
_c02
999 _c11251
_d11251